| 000 | 00394nam a22001457a 4500 | ||
|---|---|---|---|
| 020 | _a8173191026 | ||
| 040 | _cNUST | ||
| 082 |
_a004 _bBAS'C |
||
| 100 |
_aD.K. Basu _9127244 |
||
| 110 |
_aM. Nasipuri, M. Kunds _9127245 |
||
| 245 | _aComputer Systems and Data Analysis | ||
| 260 |
_aIndia: _bNarosa Publishing House, _c1997. |
||
| 650 | _2Computer Systems and Data Analysis | ||
| 942 |
_2ddc _cBK |
||
| 999 |
_c612440 _d612440 |
||